[Event "Bhubaneswar op-A 14th"]
[Site "Bhubaneswar"]
[Date "2023.06.15"]
[Round "6"]
[White "Rebecca, Jesumarian"]
[Black "Dhanush Ram, M."]
[Result "1-0"]
[WhiteElo "1750"]
[BlackElo "1601"]
[PlyCount "113"]
[EventDate "2023.06.11"]
[EventType "swiss"]
[EventRounds "10"]
[EventCountry "IND"]
[SourceTitle "CBM 214 Extra"]
[Source "ChessBase"]
[SourceDate "2023.07.31"]
[SourceVersion "1"]
[SourceVersionDate "2023.07.31"]
[SourceQuality "1"]

1. e4 c5 2. Nf3 d6 3. d4 cxd4 4. Nxd4 Nf6 5. Nc3 a6 6. f3 e5 7. Nb3 Be6 8. Be3 Be7 9. Qd2 0-0 10. 0-0-0 Nbd7 11. g4 b5 12. g5 b4 13. Ne2 Ne8 14. f4 a5 15. f5 a4 16. fxe6 axb3 17. cxb3 fxe6 18. Bh3 Nc7 19. Kb1 d5 20. exd5 exd5 21. Bg2 Ra5 22. a4 d4 23. Nxd4 exd4 24. Qxd4 Bxg5 25. Qc4+ Kh8 26. Bb6 Raf5 27. Bxc7 Qf6 28. Rxd7 Rf2 29. Qd4 Qxd4 30. Rxd4 Bf6 31. Rxb4 Rxg2 32. Rf1 Rxb2+ 33. Kc1 Ra2 34. Be5 Bg5+ 35. Kb1 Ra1+ 36. Kxa1 Rxf1+ 37. Kb2 Rf2+ 38. Kb1 Rf1+ 39. Kc2 h5 40. a5 Rf2+ 41. Kd3 Ra2 42. Bc7 Rd2+ 43. Ke4 Rd7 44. Rb7 Bd8 45. a6 Rxc7 46. Rxc7 Bxc7 47. a7 Bxh2 48. a8Q+ Kh7 49. b4 h4 50. b5 h3 51. Qc8 Bc7 52. Qxc7 h2 53. Qxh2+ Kg6 54. Qg3+ Kh5 55. Qxg7 Kh4 56. Kf4 Kh3 57. Qg3# 1-0

[Event "IND-ch (Women) 48th"]
[Site "Hatkanangale"]
[Date "2023.01.03"]
[Round "9"]
[White "Rebecca, Jesumarian"]
[Black "Kale, Shruti"]
[Result "1/2-1/2"]
[WhiteElo "1773"]
[BlackElo "1413"]
[PlyCount "142"]
[EventDate "2022.12.26"]
[EventType "swiss"]
[EventRounds "11"]
[EventCountry "IND"]
[SourceTitle "CBM 212 Extra"]
[Source "ChessBase"]
[SourceDate "2023.03.31"]
[SourceVersion "1"]
[SourceVersionDate "2023.03.31"]
[SourceQuality "1"]

1. d4 d5 2. c4 c6 3. Nf3 Nf6 4. g3 g6 5. Bg2 Bg7 6. 0-0 0-0 7. Nc3 Nbd7 8. Ne5 Ne4 9. Nxd7 Nxc3 10. bxc3 Qxd7 11. cxd5 cxd5 12. Qb3 Rd8 13. Rd1 b6 14. a4 Ba6 15. Qc2 Rac8 16. a5 Bc4 17. Bg5 f6 18. Bf4 e5 19. dxe5 fxe5 20. Bg5 Rf8 21. axb6 axb6 22. Qb2 Qe6 23. Ra7 Ra8 24. Rda1 Qc6 25. h4 h6 26. Be3 Rxa7 27. Rxa7 Rb8 28. Qd2 h5 29. Bh6 Rb7 30. Ra8+ Kh7 31. Bxg7 Rxg7 32. Rd8 Qf6 33. Qg5 Qxg5 34. hxg5 Bxe2 35. Rxd5 Rc7 36. Rxe5 Bd3 37. Re3 Bf5 38. Bd5 b5 39. Kg2 Kg7 40. Bf3 Rc5 41. Be2 Kf7 42. f4 Be6 43. Kf3 Bb3 44. Bd3 Bc4 45. Bc2 Rd5 46. Kf2 Rd6 47. Ke1 Rd5 48. Bd1 Rd6 49. Be2 Rd5 50. Bxc4 bxc4 51. Ke2 Rd6 52. Re4 Rd3 53. Rxc4 Rxg3 54. Kf2 h4 55. Rc6 Rd3 56. Kg2 Kg7 57. Rc7+ Kg8 58. c4 Rg3+ 59. Kh2 Rf3 60. Rc6 Rxf4 61. Rxg6+ Kf7 62. Rc6 Rg4 63. Kh3 Rxg5 64. Kxh4 Rg1 65. c5 Ke7 66. Rd6 Rc1 67. Rd5 Ke6 68. Rg5 Rh1+ 69. Kg4 Rg1+ 70. Kf4 Rxg5 71. Kxg5 Kd5 1/2-1/2

[Event "IND-ch (Women) 48th"]
[Site "Hatkanangale"]
[Date "2023.01.02"]
[Round "8"]
[White "Nivedita, VC."]
[Black "Rebecca, Jesumarian"]
[Result "1-0"]
[WhiteElo "1531"]
[BlackElo "1773"]
[PlyCount "81"]
[EventDate "2022.12.26"]
[EventType "swiss"]
[EventRounds "11"]
[EventCountry "IND"]
[SourceTitle "CBM 212 Extra"]
[Source "ChessBase"]
[SourceDate "2023.03.31"]
[SourceVersion "1"]
[SourceVersionDate "2023.03.31"]
[SourceQuality "1"]

1. d4 Nf6 2. c4 g6 3. Nc3 Bg7 4. e4 d6 5. h3 0-0 6. Be3 c5 7. Nf3 cxd4 8. Nxd4 b6 9. g3 Bb7 10. Bg2 Nbd7 11. 0-0 Rb8 12. Qc2 a6 13. f4 e6 14. Rad1 Qc7 15. b3 Rbc8 16. Ndb5 axb5 17. Nxb5 Qb8 18. Nxd6 Rc7 19. Nxb7 Rxb7 20. e5 Nh5 21. Bxb7 Qxb7 22. Qg2 Qc7 23. g4 Kh8 24. gxh5 Rg8 25. Kh1 Bh6 26. Rg1 Nc5 27. hxg6 hxg6 28. Rd6 g5 29. fxg5 Nb7 30. Rd4 Qxe5 31. Rg4 Qxe3 32. gxh6 Rg6 33. Rxg6 fxg6 34. Qg3 Qe4+ 35. Rg2 Kh7 36. h4 Qb1+ 37. Kh2 Qf5 38. Rf2 Qe4 39. Rf7+ Kg8 40. Rg7+ Kf8 41. Qb8+ 1-0

[Event "IND-ch (Women) 48th"]
[Site "Hatkanangale"]
[Date "2023.01.01"]
[Round "7"]
[White "Rebecca, Jesumarian"]
[Black "Patil, Disha"]
[Result "1-0"]
[WhiteElo "1773"]
[BlackElo "1447"]
[PlyCount "103"]
[EventDate "2022.12.26"]
[EventType "swiss"]
[EventRounds "11"]
[EventCountry "IND"]
[SourceTitle "CBM 212 Extra"]
[Source "ChessBase"]
[SourceDate "2023.03.31"]
[SourceVersion "1"]
[SourceVersionDate "2023.03.31"]
[SourceQuality "1"]

1. e4 e5 2. Nf3 Nc6 3. d4 exd4 4. Bc4 Nf6 5. e5 d5 6. Bb5 Ne4 7. Nxd4 Bd7 8. Bxc6 bxc6 9. 0-0 Be7 10. f3 Ng5 11. Be3 0-0 12. Nb3 Ne6 13. f4 f5 14. Nc3 Qc8 15. Ne2 a5 16. a4 Qb7 17. Ned4 Nxd4 18. Bxd4 Be6 19. Bc5 Rfe8 20. Bxe7 Rxe7 21. Qd4 Qb6 22. Nc5 Rb8 23. b3 Bf7 24. c3 Be6 25. Rfb1 Ra8 26. b4 Bf7 27. Rb3 Ree8 28. Rbb1 h6 29. Nb3 axb4 30. cxb4 Qa6 31. Rc1 Qe2 32. Nc5 Qg4 33. a5 g5 34. Nd7 Re6 35. Nf6+ Rxf6 36. exf6 gxf4 37. Rf1 Kh8 38. Rxf4 Qe2 39. Rxf5 Rg8 40. Rf2 Qa6 41. Re1 Rg5 42. Re7 Kg8 43. Qe3 Qc4 44. Rxf7 Kxf7 45. Qe7+ Kg6 46. Qg7+ Kh5 47. Qxg5+ hxg5 48. f7 Qg4 49. f8Q Qd1+ 50. Rf1 Qa4 51. Qh8+ Kg4 52. Qh3# 1-0

[Event "IND-ch (Women) 48th"]
[Site "Hatkanangale"]
[Date "2022.12.30"]
[Round "5"]
[White "Rebecca, Jesumarian"]
[Black "Isha, Sharma"]
[Result "0-1"]
[WhiteElo "1773"]
[BlackElo "2212"]
[PlyCount "104"]
[EventDate "2022.12.26"]
[EventType "swiss"]
[EventRounds "11"]
[EventCountry "IND"]
[SourceTitle "CBM 212 Extra"]
[Source "ChessBase"]
[SourceDate "2023.03.31"]
[SourceVersion "1"]
[SourceVersionDate "2023.03.31"]
[SourceQuality "1"]

1. d4 Nf6 2. c4 g6 3. Nc3 Bg7 4. e4 d6 5. Nge2 0-0 6. Ng3 h5 7. h4 Bg4 8. f3 Bd7 9. Be2 c5 10. d5 e6 11. Bg5 Qe8 12. Bf4 e5 13. Be3 Nh7 14. Qd2 Na6 15. Nb5 Qe7 16. 0-0-0 Rfc8 17. Rdg1 Nc7 18. Nxc7 Rxc7 19. Nf1 a6 20. g4 hxg4 21. fxg4 b5 22. g5 bxc4 23. h5 Bb5 24. Qc3 Rb7 25. Rh2 Rab8 26. Ng3 Qd8 27. Nf5 gxf5 28. h6 Bd7 29. Bh5 Bh8 30. g6 fxg6 31. Bxg6 Bf6 32. Bxf5+ Kh8 33. Bxh7 Kxh7 34. Qe1 Ba4 35. Qg3 Kh8 36. h7 Rg7 37. Qe1 Qe7 38. Rhg2 Rxg2 39. Rxg2 Qf7 40. Qf1 Qe7 41. Qg1 Bg7 42. Kb1 Rf8 43. Bh6 Rf7 44. Be3 Qh4 45. Ka1 Qxe4 46. Bc1 Qf3 47. Rh2 Qd1 48. Qg5 Bd7 49. Rg2 Qf1 50. Rg1 Qf6 51. Qh5 e4 52. Rg6 Qxb2+ 0-1

[Event "IND-ch (Women) 48th"]
[Site "Hatkanangale"]
[Date "2022.12.29"]
[Round "4"]
[White "Pujari, Rucha"]
[Black "Rebecca, Jesumarian"]
[Result "1/2-1/2"]
[WhiteElo "2229"]
[BlackElo "1773"]
[PlyCount "90"]
[EventDate "2022.12.26"]
[EventType "swiss"]
[EventRounds "11"]
[EventCountry "IND"]
[SourceTitle "CBM 212 Extra"]
[Source "ChessBase"]
[SourceDate "2023.03.31"]
[SourceVersion "1"]
[SourceVersionDate "2023.03.31"]
[SourceQuality "1"]

1. g3 Nf6 2. Bg2 g6 3. e4 d6 4. d4 Bg7 5. Ne2 0-0 6. Nbc3 e5 7. h3 Nc6 8. Be3 exd4 9. Nxd4 Bd7 10. 0-0 Re8 11. f4 Nxe4 12. Bxe4 d5 13. Nxc6 Bxc6 14. Bxd5 Bxc3 15. Bxc6 Rxe3 16. Bxb7 Rxg3+ 17. Bg2 Bxb2 18. Rb1 Qf6 19. Kh2 Rd8 20. Qe1 Rxg2+ 21. Kxg2 Qc6+ 22. Kh2 Bc3 23. Qg3 Rd2+ 24. Rf2 Qc5 25. Rbf1 Rd8 26. Kh1 Re8 27. Qg2 Be1 28. Re2 Rxe2 29. Qxe2 Qc6+ 30. Qf3 Qe8 31. Kg2 Bb4 32. Rf2 Bd6 33. Qd5 Qe3 34. Qa8+ Kg7 35. Qf3 Qc5 36. Qe4 Qh5 37. Qf3 Qa5 38. c3 f5 39. Qd3 Kh6 40. h4 Qa4 41. Qg3 Bc5 42. Rd2 Bd6 43. Rf2 Bc5 44. Re2 Bd6 45. Rf2 Bc5 1/2-1/2

[Event "IND-ch (Women) 48th"]
[Site "Hatkanangale"]
[Date "2022.12.28"]
[Round "3"]
[White "Rebecca, Jesumarian"]
[Black "Adyasha, Pattnaik"]
[Result "1-0"]
[WhiteElo "1773"]
[BlackElo "1463"]
[PlyCount "91"]
[EventDate "2022.12.26"]
[EventType "swiss"]
[EventRounds "11"]
[EventCountry "IND"]
[SourceTitle "CBM 212 Extra"]
[Source "ChessBase"]
[SourceDate "2023.03.31"]
[SourceVersion "1"]
[SourceVersionDate "2023.03.31"]
[SourceQuality "1"]

1. d4 d5 2. c4 Nf6 3. Nf3 e6 4. g3 c5 5. cxd5 Nxd5 6. Bg2 Be7 7. 0-0 0-0 8. dxc5 Bxc5 9. Nbd2 Nc6 10. Nb3 Bb6 11. Bg5 Qe8 12. e4 Nde7 13. Bf4 Bd7 14. Bd6 Qd8 15. Qe2 Bc7 16. Ba3 e5 17. h3 Qc8 18. Kh2 Rd8 19. Rfd1 Ng6 20. Nc5 Bb6 21. Rac1 Bxc5 22. Bxc5 h6 23. Bd6 Re8 24. Qd2 Be6 25. b4 a5 26. Nxe5 Ngxe5 27. Bxe5 Bxa2 28. Bxg7 Kxg7 29. Qxa2 Qe6 30. Qb1 Qf6 31. f4 Qe7 32. Qb2+ Kg8 33. Rc4 Rad8 34. Rdc1 Rd3 35. Qe2 Qd7 36. R1c2 Rd8 37. Qh5 Kg7 38. e5 Nd4 39. Rc7 Qe6 40. Rf2 Nf5 41. g4 Ng3 42. Qh4 Qb6 43. Rcc2 Qxb4 44. Qf6+ Kg8 45. e6 fxe6 46. Rc7 1-0

[Event "Sousse BICA op 1st"]
[Site "Sousse"]
[Date "2021.12.25"]
[Round "3"]
[White "Sattarov, Bobir"]
[Black "Rebecca, Jesumarian"]
[Result "1-0"]
[WhiteElo "2465"]
[BlackElo "1589"]
[PlyCount "59"]
[EventDate "2021.12.24"]
[EventType "swiss"]
[EventRounds "9"]
[EventCountry "TUN"]
[SourceTitle "CBM 205 Extra"]
[Source "ChessBase"]
[SourceDate "2022.01.31"]
[SourceVersion "1"]
[SourceVersionDate "2022.01.31"]
[SourceQuality "1"]

1. e4 e6 2. Qe2 c5 3. Nf3 Nc6 4. g3 d6 5. Bg2 g6 6. 0-0 Bg7 7. c3 Nge7 8. Rd1 e5 9. Na3 0-0 10. d3 Bg4 11. h3 Be6 12. Nc2 Qb6 13. h4 Bg4 14. Ne3 f5 15. Nxg4 fxg4 16. Ng5 h5 17. f3 gxf3 18. Bxf3 Nd8 19. Rf1 Rf6 20. Be3 Nf7 21. Bg2 Rf8 22. Rxf6 Bxf6 23. Ne6 Bg7 24. Rf1 d5 25. Nxf8 d4 26. Qf2 Nf5 27. Bc1 Bxf8 28. exf5 Bg7 29. Bd5 Qc7 30. fxg6 1-0

[Event "Sousse BICA U16 op 1st"]
[Site "Sousse"]
[Date "2021.12.20"]
[Round "4"]
[White "Dahmani, Sami"]
[Black "Rebecca, Jesumarian"]
[Result "0-1"]
[WhiteElo "1279"]
[BlackElo "1589"]
[PlyCount "75"]
[EventDate "2021.12.18"]
[EventType "swiss"]
[EventRounds "9"]
[EventCountry "TUN"]
[SourceTitle "CBM 205 Extra"]
[Source "ChessBase"]
[SourceDate "2022.01.31"]
[SourceVersion "1"]
[SourceVersionDate "2022.01.31"]
[SourceQuality "1"]

1. e4 e6 2. d4 d5 3. exd5 exd5 4. Bd3 Nc6 5. c3 Bd6 6. h3 Nge7 7. Nf3 Be6 8. Qe2 Qd7 9. Be3 f6 10. Nbd2 0-0-0 11. Nb3 Bf5 12. 0-0-0 Rhe8 13. Rhe1 Be4 14. Nc5 Bxc5 15. dxc5 Nf5 16. Qc2 Qe7 17. Bd4 Nfxd4 18. cxd4 Qf7 19. Qb3 Bxf3 20. Bf5+ Kb8 21. Rxe8 Qxe8 22. Qxf3 g6 23. Bb1 Qe6 24. Qe3 Re8 25. Rd3 Qd7 26. Qd2 Re4 27. a3 a6 28. Bc2 f5 29. Ba4 Qe6 30. Bxc6 Re1+ 31. Kc2 Re2 32. Ba4 Qe4 33. Kc3 Rxd2 34. Kxd2 Qxg2 35. c6 Qxf2+ 36. Kc3 Qe1+ 37. Kb3 b5 38. Rc3 0-1

[Event "IND-ch U15 Girls"]
[Site "Tiruchengode"]
[Date "2019.07.12"]
[Round "5"]
[White "Rebecca, Jesumarian"]
[Black "Bhagyashree, Patil"]
[Result "0-1"]
[WhiteElo "1566"]
[BlackElo "1703"]
[PlyCount "82"]
[EventDate "2019.07.09"]
[EventType "swiss"]
[EventRounds "11"]
[EventCountry "IND"]
[SourceTitle "EXT 2020"]
[Source "ChessBase"]
[SourceDate "2019.10.17"]
[SourceVersion "1"]
[SourceVersionDate "2019.10.17"]
[SourceQuality "1"]

1. d4 d5 2. c4 e6 3. Nf3 Nf6 4. g3 Be7 5. Bg2 0-0 6. 0-0 b6 7. cxd5 exd5 8. Nc3 Bb7 9. Bf4 Nbd7 10. Rc1 c5 11. dxc5 bxc5 12. Nh4 Nh5 13. Nxd5 Bxh4 14. gxh4 Bxd5 15. Bxd5 Nxf4 16. Bxa8 Qxa8 17. f3 Qc6 18. Kh1 Re8 19. e4 Ne5 20. Rc3 c4 21. b3 Qf6 22. bxc4 Rd8 23. Qc2 Ned3 24. Rb3 Qxh4 25. c5 Qh3 26. Rbb1 Nxc5 27. Qf2 Ncd3 28. Qg3 Qh6 29. Rbd1 g6 30. Rd2 Rc8 31. Rfd1 Rc5 32. Qg1 Rg5 33. Qf1 Rh5 34. Rc2 Ne5 35. Rd8+ Kg7 36. Qa1 Qg5 37. Rd1 Qh4 38. Rf1 Qh3 39. a3 Kh6 40. Qc1 Rg5 41. Qd1 Rg2 0-1

[Event "IND-ch U11 Girls 30th"]
[Site "India"]
[Date "2016.06.29"]
[Round "3"]
[White "Rebecca, Jesumarian"]
[Black "Meenatchi Rajam, V."]
[Result "1-0"]
[WhiteElo "1137"]
[BlackElo "1279"]
[PlyCount "105"]
[EventDate "2016.06.28"]
[EventType "swiss"]
[EventRounds "11"]
[EventCountry "IND"]
[SourceTitle "CBM 173 Extra"]
[Source "ChessBase"]
[SourceDate "2016.08.29"]
[SourceVersion "1"]
[SourceVersionDate "2016.08.29"]
[SourceQuality "1"]

1. d4 Nf6 2. c4 g6 3. g3 Bg7 4. Bg2 0-0 5. Nf3 d6 6. 0-0 Nbd7 7. Nc3 c5 8. d5 Rb8 9. e4 a6 10. a4 Nb6 11. Qe2 Bd7 12. a5 Na8 13. e5 dxe5 14. Nxe5 Nh5 15. f4 Nc7 16. Ne4 Nf6 17. Nxc5 b6 18. Ncxd7 Nxd7 19. Nc6 Qe8 20. Nxb8 Qxb8 21. Qxe7 Nf6 22. axb6 Qxb6+ 23. c5 Qb8 24. d6 Ncd5 25. Bxd5 Nxd5 26. Qe4 Nf6 27. Qc6 Rc8 28. Qxa6 Nd7 29. c6 Bd4+ 30. Kg2 Nc5 31. c7 Nxa6 32. cxb8Q Nxb8 33. Rd1 Nc6 34. Ra4 Bf6 35. d7 Rb8 36. Ra6 Nd8 37. Rxf6 Kf8 38. Rfd6 Ke7 39. R6d3 Rb6 40. Re1+ Re6 41. Rxe6+ Kxe6 42. Be3 Ke7 43. Bb6 f6 44. Bxd8+ Kxd8 45. b4 g5 46. b5 gxf4 47. gxf4 f5 48. b6 h5 49. b7 Kc7 50. d8Q+ Kxb7 51. Rd6 Ka7 52. Qe7+ Ka8 53. Rd8# 1-0